A survey of attitudes and opinions of women in three diverse regions of Sri Lanka (Record no. 2595)

MARC details
000 -LEADER
fixed length control field 004120000a22001330004500
008 - FIXED-LENGTH DATA ELEMENTS--GENERAL INFORMATION
fixed length control field 230817t ||||| |||| 00| 0 eng d
082 ## - DEWEY DECIMAL CLASSIFICATION NUMBER
Classification number 305.4
Item number SUR
942 ## - ADDED ENTRY ELEMENTS (KOHA)
Item Type Reports
245 ## - TITLE STATEMENT
Title A survey of attitudes and opinions of women in three diverse regions of Sri Lanka
260 ## - PUBLICATION, DISTRIBUTION, ETC. (IMPRINT)
Place of Publication Colombo:
Name of Publisher Women's Bureau of Sri Lanka,
Date of Copyright 1986
300 ## - PHYSICAL DESCRIPTION
Extent 29 p.
650 ## - SUBJECT ADDED ENTRY--TOPICAL TERM
Topical Term WOMEN-Sri Lanka
650 ## - SUBJECT ADDED ENTRY--TOPICAL TERM
Topical Term Rural women-Policy development
Holdings
Withdrawn status Lost status Damaged status Not for loan Permanent location Current location Date acquired Total Checkouts Full call number Barcode Date last seen Price effective from Koha item type Source of classification or shelving scheme
        Resource center, Muslim Women's Research And Action Forum Resource center, Muslim Women's Research And Action Forum 2023-08-17   305.4 SUR RAF3660 2023-08-17 2023-08-17 Books  
        Resource center, Muslim Women's Research And Action Forum Resource center, Muslim Women's Research And Action Forum 2024-06-24   305.4 SUR RAF5298 2024-06-24 2024-06-24 Reports Dewey Decimal Classification

Copyright © 2023 Muslim Women's Research and Action Forum (MWRAF), No 27/3, Anderson Road, Kalubowila, Dehiwela. Funded by The Asia Fundation